The sea around us (Record no. 553471)
[ view plain ]
| 000 -LEADER | |
|---|---|
| fixed length control field | 01238cam a2200217u 4500 |
| 082 ## - DEWEY DECIMAL CLASSIFICATION NUMBER | |
| Classification number | 551.42 |
| Author Mark | CAR |
| 100 ## - MAIN ENTRY--PERSONAL NAME | |
| Personal name | L. Carson Rachel |
| 9 (RLIN) | 50711 |
| 245 04 - TITLE STATEMENT | |
| Title | The sea around us |
| Statement of responsibility, etc. | Rachel L. Carson |
| 260 ## - PUBLICATION, DISTRIBUTION, ETC. | |
| Place of publication, distribution, etc. | New York |
| Name of publisher, distributor, etc. | Mentor Book |
| Date of publication, distribution, etc. | 1954. |
| 300 ## - PHYSICAL DESCRIPTION | |
| Extent | 169 p.: |
| 500 ## - GENERAL NOTE | |
| General note | Based on the book of the same title by Rachel L. Carson. |
| 500 ## - GENERAL NOTE | |
| General note | CREDITS: Producer and author of continuity and commentary, Irwin Allen; narrators, Don Forbes, Theodor von Eltz; music, Paul Sawtell; music director, C. Bakaleinikoff; film editor, Dean Harrison. |
| 500 ## - GENERAL NOTE | |
| General note | SUMMARY: A study of the sea showing its inhabitants and the life along its shore. Pictures the creation of the world and its oceans and discusses the theory that the world may eventually be submerged by water. Submarine photography is used to show the microscopic life in the sea, a fight between a shark and an octopus, birds that fish under water, the capture of a blue whale, the hatching of turtle eggs, and other scenes of marine life. |
| 500 ## - GENERAL NOTE | |
| General note | Technicolor. |
| 526 ## - STUDY PROGRAM INFORMATION NOTE | |
| Program name | 0 |
| Interest level | 0 |
| Reading level | 0 |
| Title point value | 551_420000000000000_CAR |
| 650 #0 - SUBJECT ADDED ENTRY--TOPICAL TERM | |
| Topical term or geographic name entry element | Marine biology. |
| 9 (RLIN) | 50712 |
| 650 #0 - SUBJECT ADDED ENTRY--TOPICAL TERM | |
| Topical term or geographic name entry element | MCE |
| 9 (RLIN) | 379 |
| 700 1# - ADDED ENTRY--PERSONAL NAME | |
| Personal name | Carson, Rachel, |
| 9 (RLIN) | 50713 |
| 710 2# - ADDED ENTRY--CORPORATE NAME | |
| Corporate name or jurisdiction name as entry element | RKO Radio Pictures. |
| 9 (RLIN) | 50714 |
| 942 ## - ADDED ENTRY ELEMENTS (KOHA) | |
| Source of classification or shelving scheme | |
| Koha item type | Book |
| Withdrawn status | Lost status | Source of classification or shelving scheme | Damaged status | Not for loan | Permanent Location | Current Location | Shelving location | Date acquired | Total Checkouts | Full call number | Barcode | Date last seen | Price effective from | Koha item type |
|---|---|---|---|---|---|---|---|---|---|---|---|---|---|---|
| Military College of Engineering (MCE) | Military College of Engineering (MCE) | 02/11/2015 | 551.42 CAR | MCE-MCS/1 | 02/11/2015 | 02/11/2015 | Book |
